|
|
|
|
| LEADER |
00000nab a2200000 a 4500 |
| 001 |
vtls000701683 |
| 003 |
SK-MaSNL |
| 005 |
20260302195404.0 |
| 008 |
140228c1999 xo 0 slo |
| 015 |
|
|
|a SNBRB1999/09-21995
|
| 035 |
|
|
|a CLN000053850
|
| 040 |
|
|
|a SNKBUCL
|b slo
|c SNKBUCL
|e AACR2
|
| 041 |
0 |
|
|a slo
|
| 044 |
|
|
|a xo
|c SK
|
| 080 |
|
|
|a 620.9(437.6)
|2 1997
|
| 100 |
1 |
|
|a Bystruška, Martin
|4 aut
|9 891632
|
| 245 |
1 |
0 |
|a Obnoviteľné zdroje sú perspektívne, s ich využitím sa zatiaľ neráta
|b biomasa pokryje 1,5 percenta spotreby energie na Slovensku ...
|c Martin Bystruška
|
| 300 |
|
|
|b Obr.
|
| 650 |
0 |
7 |
|a zdroje energetické obnoviteľné
|z Slovensko
|2 snkbucl
|9 861775
|
| 655 |
|
7 |
|a články z novín a časopisov
|2 snkbucl
|9 267496
|
| 773 |
0 |
|
|t Hospodárske noviny
|g Roč. 7, č. 192 (6.10.1999), s. 6
|x 0862-9567
|
| 850 |
|
|
|a Slovenská národná knižnica v Martine
|
| 852 |
|
|
|a SNK
|b KIS3GCP
|
| 958 |
|
|
|a SK
|
| 992 |
|
|
|a RBX
|
| 999 |
|
|
|c 1452437
|d 1454367
|